Things That Turn Quiz Stats

 Plays Quiz Updated Mar 10, 2018

Score 0/20 Timer 03:00
0 Plays Today
Hint Answer % Correct
Ceiling fan
98%
Steering wheel
96.2%
Earth
95.3%
Screw
94.9%
Record
94.4%
Hand mixer
94.1%
Ballerina
93.6%
Hula hoop
93.4%
Carousel
93%
Top
92.7%
Hint Answer % Correct
Ferris wheel
91.3%
Wind turbine
91%
Gears
91%
Rotisserie
87.4%
Roulette wheel
87.2%
Pinwheel Galaxy
84.3%
Propellers
83.1%
Revolving door
82.7%
Fidget spinner
80.5%
Gyroscope
49.4%

You're not logged in!

Compare scores with friends on all Sporcle quizzes.
OR
Log In

Sporcle TV

Today on Sporcle TV


Watch our educational content, quiz creation guides, and fun videos on Sporcle TV.

Show Comments

Extras

Top Quizzes Today


Score Distribution

Your Account Isn't Verified!

In order to create a playlist on Sporcle, you need to verify the email address you used during registration. Go to your Sporcle Settings to finish the process.

Report this User

Report this user for behavior that violates our Community Guidelines.

Details: